Proyecto de sustitución del órgano GV en las centrales telefónicas ARF-102 del I.C.E
Salvato in:
| Autore principale: | |
|---|---|
| Altri autori: | |
| Natura: | Libro |
| Pubblicazione: |
[San José , Costa Rica]
1996
|
| Soggetti: | |
| Tags: |
Aggiungi Tag
Nessun Tag, puoi essere il primo ad aggiungerne!!
|
MARC
| LEADER | 00000nam a2200000Ia 4500 | ||
|---|---|---|---|
| 003 | 007910 | ||
| 005 | 20221231144247.0 | ||
| 008 | 140114s1996 cr a m 000 ||s d | ||
| 040 | |c cru CEDI | ||
| 090 | |a TFG 3452 | ||
| 100 | |a Herrera Cortés, Oscar |9 1061 | ||
| 245 | |a Proyecto de sustitución del órgano GV en las centrales telefónicas ARF-102 del I.C.E | ||
| 260 | |c 1996 |a [San José , Costa Rica] | ||
| 300 | |a ix, 108 páginas : ilustraciones (algunas plegables). | ||
| 500 | |a Proyecto de graduación (bachillerato en ingeniería eléctrica)--Universidad de Costa Rica. Facultad de Ingeniería. Escuela de Ingeniería Eléctrica | ||
| 650 | |x CENTRALES TELEFONICAS |x CENTRALES TELEFONICAS - PROGRAMAS PARA COMPUTADORA |9 10384 | ||
| 700 | |9 10383 |a Liang Cai, Ri | ||
| 942 | |c TFG | ||
| 999 | |c 19230 |d 19230 | ||
